000
00274nam a22001217a 4500
008
171218b xxu||||| |||| 00| 0 eng d
041
_a
eng
080
_a
37
100
_a
46
101
_a
EDU
245
_a
The Young Folks Shelf Of Books
_c
Martignoni, M.E
942
_2
udc
_c
BK
999
_c
39082
_d
39082